The Floor is lava - Statistics

General Stats
  • This quiz has been taken 26 times
  • The average score is 11 of 24
Answer Stats
Hint Answer % Correct
A1
96%
C2
87%
C3
74%
C6
70%
D4
57%
E1
57%
D7
52%
F6
52%
F2
48%
H1
43%
H5
43%
A4
39%
I5
39%
J1
39%
J2
39%
L1
39%
B8
30%
J6
30%
L6
30%
K4
26%
G9
22%
I9
22%
L9
22%
I8
13%
No matching quizzes found
Score Distribution
Percent of People with Each Score
Percentile by Number Answered
Your Score History
You have not taken this quiz